000 00490nam a2200169 i 4500
001 89356
003 ES-MaACL
005 20240424063047.0
007 t|
008 050110s1966 sp ||||1| spa d
100 0 _aLapesa, Rafael,
_d1908-2001
_970146
245 1 0 _aIntroducción a los estudios literarios /
_cRafael Lapesa.
260 _aSalamanca, etc. :
_bAnaya,
_c[1966]
300 _a207 p. ;
_c19 cm.
852 _aES-MaACL
_jC-32186
_bR.62686
999 _c89356
_d89356